Azur Lane Quiz - Statistics

General Stats
  • This quiz has been taken 127 times
  • The average score is 36 of 125
Answer Stats
Eagle Union % Correct
Enterprise
89%
Yorktown
80%
Laffey
74%
Hornet
73%
New Jersey
67%
Essex
61%
Cleveland
59%
Alabama
57%
Arizona
57%
Nevada
55%
Washington
54%
North Carolina
52%
South Dakota
52%
Helena
51%
Portland
51%
San Diego
51%
Indianapolis
49%
Oklahoma
49%
Lexington
46%
Pennsylvania
45%
Saratoga
45%
St Louis
45%
Baltimore
43%
Langley
43%
California
41%
Vestal
40%
Wasp
40%
Colorado
39%
Columbia
39%
Fletcher
39%
Georgia
39%
Bunker Hill
38%
Denver
38%
Ranger
38%
Maryland
37%
Long Island
36%
Montpelier
36%
West Virginia
36%
Chicago
35%
Seattle
35%
Shangri-La
35%
Brooklyn
33%
Honolulu
33%
Anchorage
32%
Minneapolis
32%
Phoenix
32%
San Francisco
32%
Benson
31%
Houston
31%
Independence
31%
Cassin
29%
Salt Lake City
29%
Sims
29%
Boise
28%
Downes
28%
New Orleans
28%
Omaha
28%
Albacore
27%
Archerfish
27%
Atlanta
27%
Reno
27%
Allen M. Sumner
25%
Biloxi
25%
Foote
25%
Lena
24%
Pensacola
24%
Nicholas
23%
Clevelad
22%
Juneau
22%
Tenesse
22%
Aulick
21%
Quincy
21%
Wichita
21%
Bataan
20%
Bristol
20%
Casablanca
20%
Charles Ausburne
20%
Dace
20%
Memphis
20%
Richmond
20%
Spence
20%
Astoria
19%
Bailey
19%
McCall
19%
Thatcher
19%
Bache
18%
Bogue
18%
Cooper
18%
Ingraham
18%
Raleigh
18%
San Juan
18%
Marblehead
17%
Massachussets
17%
Nautilus
17%
Concord
16%
Craven
16%
Gridley
16%
Kimberly
16%
Little Enterprise
16%
Bluegill
15%
Cavalla
15%
Dewey
15%
Halsey Powell
15%
Mullany
15%
Stephen Potter
15%
Jenkins
14%
Lil Sandy
14%
Morrison
14%
Muary
14%
Radford
14%
Stanly
14%
Bush
13%
Hazelwood
13%
Kalk
13%
Smalley
13%
Aylwin
11%
Eldrige
11%
Hobby
11%
Northamton
7%
Brimingham
4%
Bremeton
3%
Priceton
3%
Intreprid
0%
Tincoderoga
0%
Vicennes
0%
No matching quizzes found
Score Distribution
Percent of People with Each Score
Percentile by Number Answered
Your Score History
You have not taken this quiz